<?xml version="1.0" encoding="UTF-8"?>
<record
    xmlns:xsi="http://www.w3.org/2001/XMLSchema-instance"
    xsi:schemaLocation="http://www.loc.gov/MARC21/slim http://www.loc.gov/standards/marcxml/schema/MARC21slim.xsd"
    xmlns="http://www.loc.gov/MARC21/slim">

  <leader>01225nam a22001817a 4500</leader>
  <controlfield tag="003">IT-RoPau</controlfield>
  <controlfield tag="005">20220918181222.0</controlfield>
  <controlfield tag="008">141007b        xxu||||| |||| 00| 0 eng d</controlfield>
  <datafield tag="040" ind1=" " ind2=" ">
    <subfield code="c">IT-RoPau</subfield>
  </datafield>
  <datafield tag="100" ind1=" " ind2=" ">
    <subfield code="a">Dal Molin, Nico</subfield>
    <subfield code="9">34004</subfield>
  </datafield>
  <datafield tag="245" ind1=" " ind2=" ">
    <subfield code="a">Cammini di Speranza</subfield>
    <subfield code="b">Per liberare la vita</subfield>
  </datafield>
  <datafield tag="260" ind1=" " ind2=" ">
    <subfield code="a">Castelgandolfo (Roma)</subfield>
    <subfield code="b">Centro Sussidi Vocazionali (Suore Apostoline)</subfield>
    <subfield code="c">1996</subfield>
  </datafield>
  <datafield tag="300" ind1=" " ind2=" ">
    <subfield code="a">107 pp.</subfield>
    <subfield code="c">20 cm</subfield>
  </datafield>
  <datafield tag="490" ind1=" " ind2=" ">
    <subfield code="a">Centro Sussidi Vocazionali (Suore Apostoline)</subfield>
    <subfield code="v">2&#xB0; Vol. - Supplemento a Se vuoi 5/1996 - Anno XXXVI</subfield>
  </datafield>
  <datafield tag="500" ind1=" " ind2=" ">
    <subfield code="a">A quelle presenze amiche, attente e discrete che mi hanno insegnato a guardare in alto... a cercare e ad invocare la Speranza</subfield>
  </datafield>
  <datafield tag="520" ind1=" " ind2=" ">
    <subfield code="a">Indice
Prefazione
Presentazione
Speranza: la ricerca&#x2026; l&#x2019;attesa
Alle radici della Speranza
La Speranza: un cammino, una lotta, un rischio
Dimmi come vivi e ti dir&#xF2; chi sei
Pietre d&#x2019;inciampo sulla via della Speranza
La Speranza nasce da un cuore in pace
Un&#x2019;amicizia per camminare sui sentieri della Speranza
Cerchi la Speranza? Troverai Libert&#xE0;
La Speranza mette radici nella Fedelt&#xE0;
La Speranza matura nel silenzio
Dal dolore pu&#xF2; nascere la Speranza
Per far crescere in noi la Speranza
Lampionai della Speranza
</subfield>
  </datafield>
  <datafield tag="942" ind1=" " ind2=" ">
    <subfield code="2">ddc</subfield>
    <subfield code="c">BK</subfield>
  </datafield>
  <datafield tag="999" ind1=" " ind2=" ">
    <subfield code="c">104522</subfield>
    <subfield code="d">104522</subfield>
  </datafield>
  <datafield tag="952" ind1=" " ind2=" ">
    <subfield code="0">0</subfield>
    <subfield code="1">0</subfield>
    <subfield code="2">ddc</subfield>
    <subfield code="4">0</subfield>
    <subfield code="6">P_E2</subfield>
    <subfield code="7">1</subfield>
    <subfield code="a">PAULUS</subfield>
    <subfield code="b">PAULUS</subfield>
    <subfield code="d">2014-10-07</subfield>
    <subfield code="l">0</subfield>
    <subfield code="o">P E2</subfield>
    <subfield code="r">2014-10-07 00:00:00</subfield>
    <subfield code="w">2014-10-07</subfield>
    <subfield code="y">BK</subfield>
  </datafield>
  <datafield tag="952" ind1=" " ind2=" ">
    <subfield code="0">0</subfield>
    <subfield code="1">0</subfield>
    <subfield code="2">ddc</subfield>
    <subfield code="4">0</subfield>
    <subfield code="6">P_E2</subfield>
    <subfield code="7">1</subfield>
    <subfield code="a">PAULUS</subfield>
    <subfield code="b">PAULUS</subfield>
    <subfield code="d">2014-10-07</subfield>
    <subfield code="l">0</subfield>
    <subfield code="o">P E2</subfield>
    <subfield code="r">2014-10-07 00:00:00</subfield>
    <subfield code="w">2014-10-07</subfield>
    <subfield code="y">BK</subfield>
  </datafield>
</record>
